Flashlight Clicky-oke Quiz Stats

 Plays Quiz not verified by Sporcle

Support Sporcle.
Go Orange.
Score 0/16 Timer 03:00
0 Plays Today
% Correct
Bringing down your eyes in the sky
85.7%
Taking me higher
71.4%
You call the dogs off, I got them hypnotised
71.4%
They try to tell us that we don't belong
64.3%
When we're together we're untouchable
64.3%
Shadows in love, we were ghosts
64.3%
Taking me higher
64.3%
We will never come down
64.3%
% Correct
Running faster at the speed of light
64.3%
Not afraid to fly into the sun
64.3%
We're shadows in love, we were ghosts
64.3%
We will never come down
64.3%
Running faster at the speed of light
64.3%
You call the dogs off, I got them hypnotised
57.1%
Bringing down your eyes in the sky
57.1%
Just two shadows in love, we were ghosts
50%

You're not logged in!

Compare scores with friends on all Sporcle quizzes.
OR
Log In

From the Vault

Electoral College Shenanigans

by Hejman

We're starting to suspect that the electoral college isn't a real institution of learning at all.
Remove Ads.
Support Sporcle.
Get the best of Sporcle when you Go Orange. This ad-free experience offers more features, more stats, and more fun while also helping to support Sporcle. Thank you for becoming a member.

Show Comments

Extras

Top Quizzes Today


Score Distribution

Your Account Isn't Verified!

In order to create a playlist on Sporcle, you need to verify the email address you used during registration. Go to your Sporcle Settings to finish the process.

Report this User

Report this user for behavior that violates our Community Guidelines.

Details: